Statistics for Capital Cities whose Closest Post-Yugoslavia Capital is Pristina or Zagreb

Click here to take the quiz!

General Stats

  • This quiz has been taken 73 times
  • The average score is 4 of 8

Answer Stats

CAPITAL CITY% Correct
Budapest
96%
Vienna
91%
Bucharest
75%
Bratislava
72%
Warsaw
48%
Riga
25%
Helsinki
21%
Tallinn
21%

Score Distribution

Percentile by Number Answered

Percent of People with Each Score

Your Score History

You have not taken this quiz